000 02105cam a22002294a 4500
005 20250605163947.0
008 250528s ||||||||||||||||||||||||d
035 _a15251
020 _a30558832
040 _aGR-AtMCL
_bgre
_dGR-AtMCL
_eAACR2
245 1 _aManagerial Finance / Ninth Edition
250 _a9th
260 _bThe Dryden Press,
_c1992
300 _a1226
505 0 _aFundamental Concepts of Managerial Finance, The Nature of Finance, Decisions Across Time, The Environment for Financial Decisions, Business Organization and Taxes, Depreciation Methods, Basic Financial Planning and Investment, Financial Analysis, The Normal Distribution, Decision Making under Uncertainty, Risk and Return: Theory, Options on Risky Assets, Managing Financial Risk, Risk and Valuation, Financial Structure and the Cost of Capital, The State-Preference Model, Dividend Policy, Financial Strategies for Working Management, Short-Term Financial Management, The Treasurer's Long-Range Financial Strategies, Common Stock Financing, Lease Financing, Warrants and Convertibles, Dynamic Strategies for Increasing Value, Financial Distress, Appendices, Author and Subject Index.
520 _aFundamental Concepts of Managerial Finance, The Nature of Finance, Decisions Across Time, The Environment for Financial Decisions, Business Organization and Taxes, Depreciation Methods, Basic Financial Planning and Investment, Financial Analysis, The Normal Distribution, Decision Making under Uncertainty, Risk and Return: Theory, Options on Risky Assets, Managing Financial Risk, Risk and Valuation, Financial Structure and the Cost of Capital, The State-Preference Model, Dividend Policy, Financial Strategies for Working Management, Short-Term Financial Management, The Treasurer's Long-Range Financial Strategies, Common Stock Financing, Lease Financing, Warrants and Convertibles, Dynamic Strategies for Increasing Value, Financial Distress, Appendices, Author and Subject Index.
700 1 _aCopeland Thomas E
_91095
700 1 _aFred Weston J
_91096
942 _cBK
999 _c844
_d844